World's Strongest Passports - Sudden Death - Statistics

General Stats
  • This quiz has been taken 2,786 times
  • The average score is 6 of 22
Answers on the Grid
Answers color-coded by a green-red scale on the quiz's grid according to % correct below.
Singapore
Italy
Germany
France
Japan
Spain
Austria
Finland
Ireland
Luxembourg
Netherlands
South Korea
Sweden
Belgium
Denmark
New Zealand
Norway
Switzerland
United Kingdom
Australia
Czech Republic
Portugal
United States
Canada
Monaco
Brazil
Russia
Indonesia
Egypt
Nigeria
India
China
 
Answer Stats
Answer % Correct
Germany
41%
Switzerland
39%
United Kingdom
38%
Japan
37%
France
35%
Denmark
34%
Netherlands
33%
Norway
33%
Singapore
33%
Sweden
32%
Luxembourg
31%
Ireland
30%
Finland
28%
Italy
27%
Spain
27%
Australia
26%
Austria
26%
Belgium
26%
New Zealand
25%
South Korea
20%
Portugal
16%
Czech Republic
8%
No matching quizzes found
Score Distribution
Percent of People with Each Score
Percentile by Number Answered
Your Score History
You have not taken this quiz